My little words devotional / (Record no. 1810)

MARC details
000 -LEADER
fixed length control field 01274cam a22003494i 4500
001 - CONTROL NUMBER
control field data
005 - DATE AND TIME OF LATEST TRANSACTION
control field 20260322212119.0
008 - FIXED-LENGTH DATA ELEMENTS--GENERAL INFORMATION
fixed length control field data
035 ## - SYSTEM CONTROL NUMBER
System control number 20673131
010 ## - LIBRARY OF CONGRESS CONTROL NUMBER
LC control number 2018302457
020 ## - INTERNATIONAL STANDARD BOOK NUMBER
International Standard Book Number 9781462759330
Qualifying information (board book)
040 ## - CATALOGING SOURCE
Original cataloging agency DLC
Language of cataloging eng
Description conventions rda
Transcribing agency DLC
042 ## - AUTHENTICATION CODE
Authentication code pcc
050 00 - LIBRARY OF CONGRESS CALL NUMBER
Classification number BV4870
Item number .B76 2017
082 00 - DEWEY DECIMAL CLASSIFICATION NUMBER
Classification number 242/.62
Edition information 23
100 1# - MAIN ENTRY--PERSONAL NAME
Personal name Burke, Michelle Prater,
Dates associated with a name 1970-
Relator term author.
245 10 - TITLE STATEMENT
Title My little words devotional /
Statement of responsibility, etc. written by Michelle Prater Burke ; illustrated by Holli Conger.
264 #1 - PRODUCTION, PUBLICATION, DISTRIBUTION, MANUFACTURE, AND COPYRIGHT NOTICE
Place of production, publication, distribution, manufacture Nashville, Tennessee :
Name of producer, publisher, distributor, manufacturer B&H Publishing Group,
Date of production, publication, distribution, manufacture, or copyright notice [2017]
300 ## - PHYSICAL DESCRIPTION
Extent 1volume (unpaged) :
Other physical details chiefly illustrations (colour) ;
Dimensions 19 cm.
336 ## - CONTENT TYPE
Content type term text
Content type code txt
Source rdacontent
337 ## - MEDIA TYPE
Media type term unmediated
Media type code n
Source rdamedia
338 ## - CARRIER TYPE
Carrier type term volume
Carrier type code nc
Source rdacarrier
490 0# - SERIES STATEMENT
Series statement Little words matter
500 ## - GENERAL NOTE
General note Board book.
650 #0 - SUBJECT ADDED ENTRY--TOPICAL TERM
Topical term or geographic name entry element Devotional literature
Form subdivision Juvenile literature.
655 #7 - INDEX TERM--GENRE/FORM
Genre/form data or focus term Literature.
Source of term lcgft
Authority record control number or standard number https://id.loc.gov/authorities/genreForms/gf2014026415
700 1# - ADDED ENTRY--PERSONAL NAME
Personal name Conger, Holli,
Relator term artist.
906 ## - LOCAL DATA ELEMENT F, LDF (RLIN)
a 7
b cbc
c orignew
d 2
e ncip
f 20
g y-gencatlg
925 0# -
-- acquire
-- 1 shelf copy
-- policy default
955 ## - COPY-LEVEL INFORMATION (RLIN)
-- xm07 2019-08-19
Holdings
Withdrawn status Lost status Damaged status Not for loan Home library Current library Shelving location Date acquired Total checkouts Full call number Barcode Date last seen Price effective from Koha item type
        Franklin Franklin General stacks 22/03/2026   242/.62 LOC-FRL-00046 22/03/2026 22/03/2026 Books